[Event "45th Capablanca Mem Open"]
[Site "Havana CUB"]
[Date "2010.06.10"]
[Round "1"]
[White "Fleites Marti,Y"]
[Black "Gomez Fontal,F"]
[Result "0-1"]
[WhiteElo "2168"]
[BlackElo "2376"]
[EventDate "2010.06.10"]

1. e4 e5 2. Bc4 Nf6 3. Nc3 Nc6 4. d3 Bc5 5. f4 d6 6. Nf3 Bg4 7. Na4 Bb6 8.
Nxb6 axb6 9. c3 d5 10. exd5 Nxd5 11. O-O exf4 12. Qe1+ Nce7 13. Bxd5 Qxd5
14. Bxf4 c5 15. Ne5 Be6 16. Nc4 Qc6 17. Nd6+ Kf8 18. Qg3 Ng6 19. Rae1 Kg8
20. h4 Rd8 21. Ne4 h6 22. Nf6+ gxf6 23. h5 Kg7 24. hxg6 fxg6 25. Be5 Rhf8
26. c4 Rd7 27. Bc3 Qd6 28. Qf3 Bf5 29. Re3 h5 30. Qf2 Re7 31. Rxe7+ Qxe7
32. Qg3 Qd7 33. Re1 Rf7 34. Re3 Qa4 35. Qd6 Qc6 36. Qd8 Be6 37. Qb8 Qd7 38.
Qf4 Bf5 39. d4 g5 40. Rg3 Bg6 41. Qd2 h4 42. Re3 cxd4 43. Qxd4 Qxd4 44.
Bxd4 Rd7 45. Bc3 Kf7 46. Re2 Bd3 47. Rd2 f5 48. Rd1 Ke6 49. Kf2 f4 50. Re1+
Kf5 51. Re5+ Kg4 52. Rd5 Rxd5 53. cxd5 h3 54. gxh3+ Kxh3 55. d6 Bb5 56. Be5
Bc6 57. b4 b5 58. a3 Kg4 59. Bf6 Kf5 60. Bd4 g4 61. Bb6 g3+ 62. Kf1 f3 63.
Bc7 Bd7 64. Bb6 Ke5 65. Bc5 Kd5 66. Be3 Bh3+ 67. Ke1 f2+ 0-1

[Event "45th Capablanca Mem Open"]
[Site "Havana CUB"]
[Date "2010.06.10"]
[Round "1"]
[White "Leyva Rivera,Y"]
[Black "Corrales Jimenez,Z"]
[Result "1-0"]
[WhiteElo "2384"]
[BlackElo "2166"]
[EventDate "2010.06.10"]

1. d4 d5 2. c4 Nc6 3. e3 e5 4. dxe5 Bb4+ 5. Bd2 dxc4 6. Nf3 Bg4 7. Bxc4
Bxd2+ 8. Nbxd2 Nxe5 9. Qb3 Nxc4 10. Nxc4 Bxf3 11. gxf3 Nh6 12. Rd1 Qg5 13.
Qxb7 O-O 14. Ke2 Nf5 15. Qd5 Rad8 16. Qe5 Rde8 17. h4 Qxh4 18. Rxh4 Rxe5
19. Nxe5 Nxh4 20. Nc6 g5 21. Rd7 h5 22. b4 Ng6 23. Rxc7 h4 24. Kf1 h3 25.
Kg1 f5 26. Kh2 g4 27. Ne7+ Nxe7 28. Rxe7 Rc8 29. fxg4 fxg4 30. Re4 Rc2 31.
Rxg4+ Kh7 32. Rf4 1-0

[Event "45th Capablanca Mem Open"]
[Site "Havana CUB"]
[Date "2010.06.10"]
[Round "1"]
[White "Juarez Flores,C"]
[Black "Zepeda,L"]
[Result "1/2-1/2"]
[WhiteElo "2374"]
[BlackElo "2152"]
[EventDate "2010.06.10"]

1. d4 Nf6 2. Nf3 d6 3. g3 g6 4. Bg2 Bg7 5. O-O O-O 6. c4 Nbd7 7. Nc3 c5 8.
b3 Rb8 9. Bb2 a6 10. Qd2 b6 11. e4 Bb7 12. Rfe1 Ba8 13. Qe2 cxd4 14. Nxd4
Ne8 15. Rad1 Qc7 16. Nd5 Qd8 17. Ba1 e5 18. Nc2 f5 19. exf5 gxf5 20. Bh3
Qg5 21. Nce3 Kh8 22. Qc2 Bxd5 23. Rxd5 Ndf6 24. Rdd1 f4 25. Nf5 Qh5 26. Nh4
Ng4 27. Qe2 f3 28. Qe4 Nh6 29. Rd3 Nf6 30. Qc6 Nfg4 31. Qe4 Rbd8 32. Bb2
Bf6 33. Bxg4 Nxg4 34. h3 Nh6 35. Qxf3 Qf7 36. Ng2 Qg7 37. Re4 b5 38. Qh5
bxc4 39. bxc4 Ng8 40. Ne3 Qb7 41. Rh4 Bxh4 42. Rb3 Qe4 43. Qxh4 Qxh4 44.
gxh4 Nf6 45. c5 dxc5 46. Bxe5 Kg8 47. Nf5 Kf7 48. Rb6 Rg8+ 49. Kf1 Rg6 50.
Nd6+ Kf8 51. Nb7 Rd7 52. Nxc5 Rd5 53. Ne6+ Ke7 54. Bb2 Nd7 55. Ba3+ Kf7 56.
Nd8+ Ke8 57. Rxg6 hxg6 58. Nb7 Rd3 59. Nd6+ Kd8 60. Bb4 Rxh3 61. Nf7+ Kc7
62. Be7 Kc6 63. Ke2 Kd5 64. Nh8 Ne5 65. f4 Rh2+ 66. Ke3 Nc4+ 67. Kd3 Rxa2
68. Nxg6 Rh2 69. Bg5 Nd6 70. Ne7+ Ke6 71. Nc6 1/2-1/2

[Event "45th Capablanca Mem Open"]
[Site "Havana CUB"]
[Date "2010.06.10"]
[Round "1"]
[White "Cabrera Trujillo,J"]
[Black "Cueto Rodriguez,Y"]
[Result "1-0"]
[WhiteElo "2361"]
[BlackElo "2134"]
[EventDate "2010.06.10"]

1. e4 e5 2. Nf3 Nc6 3. Bb5 a6 4. Ba4 Nf6 5. O-O b5 6. Bb3 Be7 7. Re1 d6 8.
c3 O-O 9. h3 Na5 10. Bc2 c5 11. d4 Qc7 12. Nbd2 cxd4 13. cxd4 Nc6 14. Nb3
Nb4 15. Bb1 a5 16. Be3 Bd7 17. a3 Na6 18. Bd3 a4 19. Nbd2 Rac8 20. Qe2 Qb8
21. Rab1 Bd8 22. b3 exd4 23. Bxd4 axb3 24. Rxb3 Nc7 25. a4 Ne6 26. Bxb5 Qa8
27. Qd3 Re8 28. Rbb1 Nf4 29. Qe3 N4d5 30. Qb3 Bxb5 31. axb5 Nb6 32. Ra1 Qb7
33. Ra6 d5 34. e5 Nfd7 35. Rea1 Nc5 36. Bxc5 Rxc5 37. Ra7 Qc8 38. Qb1 h6
39. Ne1 Bg5 40. Ndf3 Rc1 41. Qd3 Rxa1 42. Rxa1 Qc4 43. Ra7 Be7 44. Rb7 Bc5
45. Qf5 Rf8 46. e6 Qe2 47. exf7+ Kh8 48. Nd3 1-0

[Event "45th Capablanca Mem Open"]
[Site "Havana CUB"]
[Date "2010.06.10"]
[Round "1"]
[White "Romero Nunez,Wendy"]
[Black "Arias,Le"]
[Result "0-1"]
[WhiteElo "2125"]
[BlackElo "2355"]
[EventDate "2010.06.10"]

1. d4 d5 2. c4 c6 3. Nc3 Nf6 4. Nf3 a6 5. c5 Nbd7 6. Bf4 Nh5 7. e3 g6 8.
Bd3 Bg7 9. O-O O-O 10. h3 Re8 11. Ne5 Nxe5 12. Bxe5 Bxe5 13. dxe5 d4 14.
Ne4 Qd5 15. exd4 Qxd4 16. Re1 Bf5 17. Bc2 Rad8 18. Qc1 Bxe4 19. Bxe4 Ng7
20. Qc2 Ne6 21. Rac1 Qd2 22. a3 Qg5 23. Re3 Rd7 24. Qe2 Red8 25. Qg4 Qxg4
26. hxg4 Rd1+ 27. Rxd1 Rxd1+ 28. Kh2 Nxc5 29. Bf3 Rd2 30. Re2 Rd4 31. Rc2
Nd7 32. Re2 e6 33. Kg3 h6 34. Re3 Rd2 35. b4 Nb6 36. Rc3 g5 37. Bxc6 bxc6
38. Rxc6 Rd3+ 39. f3 Nd5 40. Rxa6 Rb3 41. Ra5 Rb2 42. b5 Nf4 0-1

[Event "45th Capablanca Mem Open"]
[Site "Havana CUB"]
[Date "2010.06.10"]
[Round "1"]
[White "Guerra Tulcan,L"]
[Black "Zavarce,Oscar Enrique"]
[Result "1-0"]
[WhiteElo "2354"]
[BlackElo "2124"]
[EventDate "2010.06.10"]

1. e4 c5 2. Nf3 e6 3. d4 cxd4 4. Nxd4 a6 5. Nc3 Qc7 6. f4 b5 7. Bd3 d6 8.
Qe2 Nd7 9. Bd2 Ngf6 10. g4 e5 11. Nf5 g6 12. Ne3 Bb7 13. fxe5 dxe5 14. g5
Nh5 15. Ncd5 Qd8 16. O-O-O Be7 17. h4 Ng3 18. Qe1 Nxh1 19. Ba5 Qc8 20. Nxe7
Kxe7 21. Bb4+ Ke8 22. Qxh1 a5 23. Bxb5 axb4 24. Bxd7+ Qxd7 25. Rxd7 Kxd7
26. Qf1 Rhe8 27. Nc4 Ra6 28. Qxf7+ Re7 29. Nxe5+ Kd6 30. Qf6+ Re6 31. Nf7+
Kc5 32. Qf2+ Kb5 33. e5 Rxa2 34. Nd6+ Ka4 35. Qa7+ 1-0

[Event "45th Capablanca Mem Open"]
[Site "Havana CUB"]
[Date "2010.06.10"]
[Round "1"]
[White "Moncayo Romero,E"]
[Black "Macias Murillo,B"]
[Result "1/2-1/2"]
[WhiteElo "2122"]
[BlackElo "2347"]
[EventDate "2010.06.10"]

1. e4 c5 2. Nf3 e6 3. d4 cxd4 4. Nxd4 a6 5. Bd3 g6 6. O-O Bg7 7. Be3 Nc6 8.
c3 Nge7 9. f4 d5 10. e5 O-O 11. Nxc6 Nxc6 12. Nd2 f6 13. exf6 Bxf6 14. Nf3
Bd7 15. Qc2 Qe7 16. Rae1 Qg7 17. Bc5 Rfe8 18. Re2 Rac8 19. Qb3 b5 20. Qa3
e5 21. fxe5 Nxe5 22. Nxe5 Bxe5 23. Bd6 d4 24. Qb3+ Kh8 25. Rf7 Bxd6 26.
Rxg7 Kxg7 27. Qd5 Rxe2 28. Bxe2 Rc6 29. cxd4 Be8 30. Bd3 Rc1+ 31. Kf2 Bxh2
32. Qb7+ Bf7 33. d5 Rd1 34. Ke2 Rg1 35. Be4 Bg3 36. Qxa6 Re1+ 37. Kf3 Be5
38. Qxb5 g5 39. a4 g4+ 40. Kxg4 Rxe4+ 41. Kf3 Rd4 42. a5 Rxd5 43. Qb6 Rd2
44. Qe3 Bd5+ 45. Kg4 Rxg2+ 46. Kf5 Bxb2 47. a6 Bf6 48. a7 Rg5+ 49. Kf4 Re5
50. a8=Q Bxa8 51. Qa7+ Kg6 52. Qxa8 Rf5+ 53. Ke4 Re5+ 54. Kf4 Rf5+ 1/2-1/2

[Event "45th Capablanca Mem Open"]
[Site "Havana CUB"]
[Date "2010.06.10"]
[Round "1"]
[White "Llorente Pupo, Ramon"]
[Black "Frometa Castillo,Z"]
[Result "1-0"]
[WhiteElo "2338"]
[BlackElo "2109"]
[EventDate "2010.06.10"]

1. e4 d6 2. d4 Nf6 3. Nc3 g6 4. f4 Bg7 5. Nf3 c6 6. Be3 O-O 7. Qd2 b5 8. a3
Nbd7 9. e5 Ng4 10. Bg1 dxe5 11. dxe5 a5 12. Be2 Qc7 13. Nd4 Nh6 14. Ne4 Nb6
15. Bf2 Nf5 16. O-O Rd8 17. Rad1 Nxd4 18. Bxd4 Bf5 19. Qe3 Nd5 20. Qf3 h5
21. Ng3 Bg4 22. Qf2 Bxe2 23. Nxe2 e6 24. c4 bxc4 25. Rc1 Qb7 26. Rxc4 Ne7
27. Ng3 Nf5 28. Nxf5 exf5 29. Rfc1 Ra6 30. Qc2 Qd7 31. Be3 Qb7 32. h3 Bf8
33. Re1 Rb8 34. Re2 Qb3 35. Kf2 Qb5 36. Rd2 1-0

[Event "45th Capablanca Mem Open"]
[Site "Havana CUB"]
[Date "2010.06.10"]
[Round "1"]
[White "Zepeda,S"]
[Black "Mena Crespo,C"]
[Result "1-0"]
[WhiteElo "2107"]
[BlackElo "2337"]
[EventDate "2010.06.10"]

1. e4 c5 2. Nf3 d6 3. d4 cxd4 4. Nxd4 Nf6 5. Nc3 a6 6. Be3 e5 7. Nb3 Be6 8.
f4 exf4 9. Bxf4 Nc6 10. Qd2 Be7 11. O-O-O Ne5 12. h3 O-O 13. g4 Rc8 14. Bd3
b5 15. Nd5 Bxd5 16. exd5 Nc4 17. Qg2 Nd7 18. g5 Ndb6 19. Rhe1 g6 20. Nd4
Na4 21. Bxc4 bxc4 22. Nc6 Rxc6 23. dxc6 c3 24. b3 Nc5 25. h4 Ne6 26. Be3
Qa5 27. Kb1 Rb8 28. Bc1 Rb4 29. Rf1 Rb5 30. Rd3 Bf8 31. Qf2 Rf5 32. Qe1
Rxf1 33. Qxf1 d5 34. Rf3 Nd8 35. c7 Qxc7 36. Qxa6 d4 37. Qa8 Qe7 38. Qd5
Ne6 39. a4 Qa7 40. Ka2 Bg7 41. Ba3 h6 42. a5 Qa6 43. Qd7 Qe2 44. Qxf7+ Kh7
45. Rf2 Qe1 46. a6 d3 47. a7 Nd8 48. Qf3 d2 49. Rf1 Nc6 50. a8=Q Nb4+ 51.
Bxb4 Qc1 52. Bxc3 Qxc2+ 53. Ka3 Qc1+ 54. Ka4 1-0

[Event "45th Capablanca Mem Open"]
[Site "Havana CUB"]
[Date "2010.06.10"]
[Round "1"]
[White "Pina Vega,S"]
[Black "Castillo Coca,M"]
[Result "1-0"]
[WhiteElo "2336"]
[BlackElo "2106"]
[EventDate "2010.06.10"]

1. e4 c5 2. b3 Nf6 3. Nc3 e6 4. Bb2 d5 5. Bb5+ Nc6 6. e5 Nd7 7. Bxc6 bxc6
8. Nf3 Be7 9. O-O O-O 10. d3 f6 11. Na4 Qc7 12. Re1 fxe5 13. Nxe5 Bd6 14.
Nf3 e5 15. c4 d4 16. Ba3 Nb6 17. Nd2 Bf5 18. Nxc5 Qe7 19. b4 Bxc5 20. bxc5
Nd7 21. Ne4 Qh4 22. f3 Nf6 23. Ng3 Nd7 24. Rb1 Be6 25. Qa4 Rfc8 26. Rb7 a6
27. Qa5 Qh6 28. Ne4 Qg6 29. Reb1 Bh3 30. Qd2 Rf8 31. Qg5 Qxg5 32. Nxg5 Bf5
33. g4 Bxd3 34. Rd1 Be2 35. Rd2 Bxf3 36. Rxd7 Bxg4 37. Re7 h6 38. Ne4 Rf3
39. Bb2 Raf8 40. Nf2 Bh5 41. Rxe5 R3f5 42. Rxf5 Rxf5 43. Ne4 1-0

[Event "45th Capablanca Mem Open"]
[Site "Havana CUB"]
[Date "2010.06.10"]
[Round "1"]
[White "Cancio Bello Ayes,F"]
[Black "Diaz Hernandez,H"]
[Result "1/2-1/2"]
[WhiteElo "2075"]
[BlackElo "2335"]
[EventDate "2010.06.10"]

1. e4 e5 2. Nf3 Nc6 3. d4 exd4 4. Bc4 Nf6 5. e5 d5 6. Bb5 Ne4 7. Nxd4 Bd7
8. Bxc6 bxc6 9. O-O Be7 10. c4 c5 11. Ne2 d4 12. f3 Ng5 13. Ng3 f5 14. exf6
Bxf6 15. f4 Nf7 16. Re1+ Be7 17. Qe2 Kf8 18. Nd2 Bd6 19. Nde4 Qh4 20. Nxd6
1/2-1/2

[Event "45th Capablanca Mem Open"]
[Site "Havana CUB"]
[Date "2010.06.10"]
[Round "1"]
[White "Figueredo Losada,L"]
[Black "Romero Echeverria,A"]
[Result "1-0"]
[WhiteElo "2335"]
[BlackElo "2054"]
[EventDate "2010.06.10"]

1. e4 c5 2. Nf3 e6 3. d4 cxd4 4. Nxd4 a6 5. Bd3 Ne7 6. O-O Nbc6 7. Nb3 Ng6
8. Nc3 Be7 9. Qh5 O-O 10. f4 d6 11. Be3 Bf6 12. Rad1 b5 13. e5 dxe5 14.
fxe5 Bxe5 15. Bc5 Re8 16. Bxg6 hxg6 17. Rxd8 1-0

[Event "45th Capablanca Mem Open"]
[Site "Havana CUB"]
[Date "2010.06.10"]
[Round "1"]
[White "Ubaldo Suarez,M"]
[Black "Sanchez Alvarez,R"]
[Result "1/2-1/2"]
[WhiteElo "2041"]
[BlackElo "2330"]
[EventDate "2010.06.10"]

1. d4 c5 2. d5 g6 3. c4 Bg7 4. Nc3 e5 5. e4 d6 6. Nf3 Ne7 7. Be2 a6 8. O-O
O-O 9. a3 h6 10. b4 b6 11. Rb1 f5 12. Ne1 Nd7 13. Nd3 Nf6 14. f3 g5 15. Nf2
Bd7 16. Bd2 Qc7 17. bxc5 bxc5 18. a4 Rab8 19. Qc2 f4 20. Rxb8 Rxb8 21. Rb1
h5 22. h3 Kf7 23. Rxb8 Qxb8 24. a5 Bh6 25. Qb1 Qxb1+ 26. Nxb1 g4 27. fxg4
hxg4 28. Nxg4 Bxg4 29. Bxg4 Nxg4 30. hxg4 Ng8 31. Kf2 Nf6 32. Kf3 Nh7 33.
Nc3 Kg6 34. Be1 Kf7 35. Ke2 Bg5 36. Nb5 Ke7 37. Nc7 Kd7 38. Ne6 Be7 39. Kf3
Ng5+ 40. Nxg5 Bxg5 41. Bd2 Bd8 42. g3 fxg3 43. Kxg3 Ke7 1/2-1/2

[Event "45th Capablanca Mem Open"]
[Site "Havana CUB"]
[Date "2010.06.10"]
[Round "1"]
[White "Olivares Canelles,Francisco"]
[Black "Gutierrez,L"]
[Result "1-0"]
[WhiteElo "2328"]
[BlackElo "2000"]
[EventDate "2010.06.10"]

1. d4 Nf6 2. c4 g6 3. Nc3 Bg7 4. e4 d6 5. f4 O-O 6. Nf3 c5 7. dxc5 dxc5 8.
Qxd8 Rxd8 9. e5 Ne8 10. Be3 b6 11. Nd5 Nc6 12. O-O-O Bb7 13. Be2 h6 14.
Rhe1 f6 15. exf6 exf6 16. Nh4 Kh7 17. Bd3 f5 18. g4 Nf6 19. gxf5 Nxd5 20.
cxd5 Nb4 21. fxg6+ Kh8 22. a3 Nxd5 23. Bd2 Rac8 24. Bf5 Rc7 25. Be6 Rf8 26.
Nf5 Nf6 27. Bc3 Bc8 28. Bxc8 Rfxc8 29. Nxg7 1-0

[Event "45th Capablanca Mem Open"]
[Site "Havana CUB"]
[Date "2010.06.10"]
[Round "1"]
[White "Ordunez Echarte,D"]
[Black "Rincon Gonzalez,Lu"]
[Result "1-0"]
[WhiteElo "2322"]
[BlackElo "1900"]
[EventDate "2010.06.10"]

1. e4 e5 2. Nf3 Nc6 3. Bc4 Nf6 4. d3 d5 5. exd5 Nxd5 6. O-O Qd6 7. Ng5 Nce7
8. Nc3 c6 9. f4 f6 10. Nge4 Qc7 11. fxe5 Nxc3 12. bxc3 Qb6+ 13. Kh1 f5 14.
Nd6+ Kd7 15. e6+ Kc7 16. Nf7 Ng6 17. Nxh8 Nxh8 18. Bf4+ Kd8 19. Qh5 Ng6 20.
Qxf5 c5 21. Rab1 Qc6 22. Bd5 Qa6 23. Qf7 Be7 24. Qg8+ Bf8 25. Be5 1-0

[Event "45th Capablanca Mem Open"]
[Site "Havana CUB"]
[Date "2010.06.10"]
[Round "1"]
[White "Rincon Gonzalez,Li"]
[Black "Linares Napoles,O"]
[Result "0-1"]
[WhiteElo "1847"]
[BlackElo "2322"]
[EventDate "2010.06.10"]

1. e4 d6 2. d4 Nf6 3. Nc3 g6 4. h3 Bg7 5. Nf3 O-O 6. Be3 c6 7. a4 Qc7 8.
Be2 Nbd7 9. O-O b6 10. Qd2 Bb7 11. Rfd1 a6 12. Bf4 e5 13. dxe5 dxe5 14. Bg5
Nc5 15. Bxf6 Bxf6 16. Qd6 Qxd6 17. Rxd6 Kg7 18. b4 Ne6 19. Bc4 Nd4 20. Nxd4
exd4 21. Ne2 d3 22. Rxf6 Kxf6 23. cxd3 b5 24. Bb3 a5 25. axb5 axb4 26. Rc1
Rfc8 27. bxc6 Rxc6 28. Rb1 Rca6 29. Kh2 Ra1 30. Rb2 Rf1 31. Ng3 Rfa1 32.
Bc4 R8a4 33. Bb5 R4a2 34. Rxb4 Rxf2 35. Bc4 Ba8 36. Rb8 Kg5 37. Nh1 Rd2 38.
Bxf7 Rxd3 39. Rb2 Rd7 40. Bc4 Bxe4 41. Nf2 Ba8 42. Re2 h5 43. Ne4+ Kf4 44.
Nc5 Rdd1 45. Ne6+ Kf5 46. Kg3 Ra4 47. Bb3 Rd3+ 0-1

[Event "45th Capablanca Mem Open"]
[Site "Havana CUB"]
[Date "2010.06.11"]
[Round "2"]
[White "Janssen,Ru"]
[Black "Leyva Rivera,Y"]
[Result "1-0"]
[WhiteElo "2524"]
[BlackElo "2384"]
[EventDate "2010.06.10"]

1. Nf3 Nf6 2. c4 c6 3. Nc3 d5 4. e3 e6 5. b3 Nbd7 6. Bb2 Bd6 7. d4 O-O 8.
Bd3 dxc4 9. bxc4 c5 10. O-O b6 11. d5 exd5 12. cxd5 a6 13. a4 Re8 14. Qc2
Bb7 15. Rad1 Qe7 16. Rfe1 Ne5 17. Nxe5 Bxe5 18. f4 Bxc3 19. d6 Qd8 20. Bxc3
Be4 21. d7 Re7 22. Bxf6 Bxd3 23. Bxe7 Bxc2 24. Bxd8 Rxd8 25. Rd6 f5 26. a5
bxa5 27. Rc1 Ba4 28. Rxa6 c4 29. Rxc4 Bxd7 30. Rd4 Kf8 31. Rxa5 g6 32. Re5
Kf7 33. Rd6 Kf8 34. Kf2 1-0

[Event "45th Capablanca Mem Open"]
[Site "Havana CUB"]
[Date "2010.06.11"]
[Round "2"]
[White "Gomez Fontal,F"]
[Black "Martinez Duany,L"]
[Result "1-0"]
[WhiteElo "2376"]
[BlackElo "2515"]
[EventDate "2010.06.10"]

1. d4 Nf6 2. Nf3 g6 3. Bg5 Bg7 4. Nbd2 d5 5. e3 Nbd7 6. c4 e6 7. Be2 O-O 8.
O-O h6 9. Bh4 c5 10. Rc1 cxd4 11. exd4 dxc4 12. Nxc4 Nb6 13. Nfe5 Nxc4 14.
Rxc4 g5 15. Bg3 Ne4 16. Bf3 Nd6 17. Rc2 Nf5 18. Rd2 Qa5 19. Re1 Rd8 20. d5
exd5 21. Nxf7 Kxf7 22. Bxd5+ Kg6 23. Bf7+ Kxf7 24. Rxd8 Kg6 25. Ree8 Qc5
26. b4 Qc4 27. Be5 Be6 28. Rxa8 Bxe5 29. Qe1 Nd4 30. Qe4+ Kh5 31. Qe1 Ne2+
32. Kh1 Bxh2 33. Rxe6 Be5 34. f4 Ng3+ 35. Kh2 Bxf4 36. Rf8 Bc7 37. Rf7 Qh4+
38. Kg1 Qh1+ 39. Kf2 Qh4 40. Rxh6+ 1-0

[Event "45th Capablanca Mem Open"]
[Site "Havana CUB"]
[Date "2010.06.11"]
[Round "2"]
[White "Arias,Le"]
[Black "Hevia Alejano,C"]
[Result "1-0"]
[WhiteElo "2355"]
[BlackElo "2507"]
[EventDate "2010.06.10"]

1. e4 c5 2. Nf3 d6 3. d4 cxd4 4. Nxd4 Nf6 5. Nc3 a6 6. Be2 e5 7. Nb3 Be7 8.
O-O O-O 9. Re1 Nbd7 10. a4 b6 11. Bc4 Bb7 12. Bg5 Qc7 13. Qe2 Rfc8 14. Nd2
h6 15. Bxf6 Nxf6 16. b3 Rd8 17. Rad1 Qc5 18. Ndb1 Bf8 19. Qd3 d5 20. Nxd5
Bxd5 21. Bxd5 Rab8 22. c4 Qb4 23. Qc3 Qc5 24. Qb2 g6 25. b4 Qc7 26. Rc1 h5
27. Nc3 Bh6 28. Rc2 Kg7 29. Ra1 a5 30. Nb5 Qe7 31. bxa5 bxa5 32. Qc3 h4 33.
Qxa5 Nh5 34. Qc3 Rdc8 35. Qf3 Nf4 36. g3 hxg3 37. hxg3 Nxd5 38. exd5 f5 39.
Re1 Qf6 40. Kg2 Rb7 41. Ree2 Ra8 42. Qd3 Ra6 43. Rb2 Bc1 1-0

[Event "45th Capablanca Mem Open"]
[Site "Havana CUB"]
[Date "2010.06.11"]
[Round "2"]
[White "Guerra Tulcan,L"]
[Black "Alvarez Pedraza,A"]
[Result "1/2-1/2"]
[WhiteElo "2354"]
[BlackElo "2500"]
[EventDate "2010.06.10"]

1. e4 c5 2. Nf3 d6 3. d4 cxd4 4. Nxd4 Nf6 5. Nc3 e5 6. Bb5+ Bd7 7. Bxd7+
Qxd7 8. Nb3 Qc6 9. Qd3 h6 10. Na5 Qc7 11. Nc4 a6 12. Ne3 Nbd7 13. Ned5 Qc6
14. O-O Rc8 15. Be3 Qc4 16. Rfd1 Qxd3 17. Rxd3 Be7 18. Rad1 Nxd5 19. Nxd5
Bd8 20. Rc3 Rxc3 21. Nxc3 Ke7 22. Nd5+ Ke6 23. Rd3 f5 24. exf5+ 1/2-1/2

[Event "45th Capablanca Mem Open"]
[Site "Havana CUB"]
[Date "2010.06.11"]
[Round "2"]
[White "Pina Vega,S"]
[Black "Abreu Delgado,A"]
[Result "1/2-1/2"]
[WhiteElo "2336"]
[BlackElo "2482"]
[EventDate "2010.06.10"]

1. Nf3 c5 2. g3 Nc6 3. Bg2 g6 4. O-O Bg7 5. e4 d6 6. d3 e5 7. Nc3 Nge7 8.
Nh4 O-O 9. f4 exf4 10. Bxf4 h6 11. Nf3 Be6 12. Qd2 Kh7 13. Rae1 Qd7 14. a3
Rae8 15. Be3 Nd4 16. Ne2 Nxe2+ 17. Rxe2 b6 18. c4 Nc6 19. b4 Bg4 20. b5 Ne5
21. Ref2 a6 22. a4 axb5 23. axb5 Ra8 24. Nxe5 dxe5 25. Bf3 Be6 26. Qc3 Ra7
27. Bc1 Qd6 28. Bb2 Rd8 29. Rd1 Qe7 30. Ra1 Rxa1+ 31. Bxa1 Ra8 32. Bb2 h5
33. Rf1 f6 34. Ra1 Rxa1+ 35. Bxa1 Qa7 36. Bb2 Qa4 37. Bc1 Bh6 38. Bxh6 Kxh6
39. Qd2+ Kg7 40. Qd1 Qa2 41. Qe2 Qa1+ 42. Kg2 Qd4 43. h3 Bd7 44. Qd1 Be6
45. Qe2 Qd7 46. g4 hxg4 47. Bxg4 Qd6 48. Bxe6 Qxe6 49. Qf3 Qd7 50. Kf2 Qd4+
51. Ke2 Qb2+ 52. Kd1 Qb1+ 53. Kd2 Qg1 54. Kc2 Qg5 55. Kc3 Kh6 56. Qd1 Qg3
57. Qf1 Kg5 58. Qc1+ Qf4 59. Qg1+ Kh5 60. Qa1 f5 61. Qa8 Qc1+ 62. Kb3 Qe3
63. Qh8+ Kg5 64. Qd8+ Kf4 65. exf5 Kxf5 66. Qf8+ Kg5 67. Qd8+ Kh5 68. Qh8+
Kg5 69. Qd8+ 1/2-1/2

[Event "45th Capablanca Mem Open"]
[Site "Havana CUB"]
[Date "2010.06.11"]
[Round "2"]
[White "De la Paz Perdomo,F"]
[Black "Figueredo Losada,L"]
[Result "1/2-1/2"]
[WhiteElo "2477"]
[BlackElo "2335"]
[EventDate "2010.06.10"]

1. e4 c5 2. Nf3 e6 3. d4 cxd4 4. Nxd4 Nf6 5. Nc3 d6 6. Be3 a6 7. Qe2 b5 8.
a3 Bb7 9. f3 Nbd7 10. Qf2 Rc8 11. Bd3 Be7 12. O-O O-O 13. Nb3 Qc7 14. Rfd1
d5 15. exd5 Nxd5 16. Nxd5 Bxd5 17. a4 Ne5 18. axb5 Nxd3 19. Rxd3 axb5 20.
Ra7 Qd6 21. Rxe7 Qxe7 22. Bc5 Qg5 23. Bxf8 Bxb3 24. f4 Qf5 25. Bc5 Bc4 26.
Rd2 Bd5 27. Bd4 Qg6 28. Rd3 Qxd3 29. cxd3 Rc1+ 30. Qf1 Rxf1+ 31. Kxf1 h6
32. Kf2 1/2-1/2

[Event "45th Capablanca Mem Open"]
[Site "Havana CUB"]
[Date "2010.06.11"]
[Round "2"]
[White "Olivares Canelles,Francisco"]
[Black "Escobar Forero,A"]
[Result "0-1"]
[WhiteElo "2328"]
[BlackElo "2474"]
[EventDate "2010.06.10"]

1. d4 Nf6 2. c4 d6 3. Nc3 Nbd7 4. e4 e5 5. Nf3 g6 6. Be2 Bg7 7. O-O O-O 8.
Re1 c6 9. Rb1 Re8 10. Bf1 exd4 11. Nxd4 Nc5 12. f3 a5 13. Be3 Qc7 14. Qd2
Bd7 15. Rbd1 Rad8 16. Qf2 Bc8 17. Rd2 Qe7 18. Red1 Nfd7 19. Nde2 Ne5 20.
Ng3 b6 21. Bd4 Be6 22. b3 f6 23. h3 Qc7 24. Nge2 Bf7 25. Be3 Bf8 26. Nd4
Qb7 27. Be2 Ned7 28. Bf4 Qc7 29. Qg3 Nb7 30. Nf5 Ne5 31. Nh6+ Kh8 32. Nxf7+
Nxf7 33. Be3 Ne5 34. Bf1 Bg7 35. Bf4 f5 36. Ne2 fxe4 0-1

[Event "45th Capablanca Mem Open"]
[Site "Havana CUB"]
[Date "2010.06.11"]
[Round "2"]
[White "Arribas Robaina,M"]
[Black "Guerra Mendez,J"]
[Result "0-1"]
[WhiteElo "2326"]
[BlackElo "2471"]
[EventDate "2010.06.10"]

1. e4 e5 2. Nf3 Nc6 3. Bb5 a6 4. Ba4 Nf6 5. d3 d6 6. c3 g6 7. O-O Bg7 8. d4
O-O 9. dxe5 Nxe5 10. Nxe5 dxe5 11. Qxd8 Rxd8 12. f3 Be6 13. Be3 Nh5 14. Nd2
Nf4 15. Bb3 Bxb3 16. Nxb3 Nd3 17. Rab1 f5 18. Rfd1 f4 19. Bf2 Nxb2 20.
Rxd8+ Rxd8 21. Nc5 Rd2 22. h3 Bf8 23. Nxb7 Nd3 24. Ba7 Rxa2 25. Rd1 Rb2 26.
Na5 Rb5 27. Rxd3 Rxa5 28. Rd8 Kf7 29. Rd7+ Ke6 30. Rxc7 Be7 31. Bf2 Ra1+
32. Kh2 Rf1 33. Bg1 Bh4 34. g3 fxg3+ 35. Kg2 Ra1 36. Rxh7 Ra2+ 37. Kh1 Bg5
38. h4 Bf4 39. Bc5 Ra5 40. Rc7 Rb5 41. c4 Rb1+ 42. Kg2 Rb2+ 43. Kg1 a5 44.
Re7+ Kf6 45. Ra7 Rc2 46. Rxa5 Rxc4 47. Ra6+ Kf7 48. Ra7+ Ke8 49. Ra8+ Kd7
50. Bb6 Rc6 51. Ba5 Rc1+ 52. Kg2 Rc2+ 53. Kh3 Rh2+ 54. Kg4 g2 0-1

[Event "45th Capablanca Mem Open"]
[Site "Havana CUB"]
[Date "2010.06.11"]
[Round "2"]
[White "Ordunez Echarte,D"]
[Black "Jimenez Fraga,P"]
[Result "0-1"]
[WhiteElo "2322"]
[BlackElo "2460"]
[EventDate "2010.06.10"]

1. e4 c5 2. Nf3 Nc6 3. Bb5 e6 4. O-O Nge7 5. Re1 a6 6. Bf1 Ng6 7. c3 Be7 8.
d4 d6 9. dxc5 dxc5 10. Qxd8+ Kxd8 11. Be3 Kc7 12. Nbd2 Bd7 13. a4 b6 14.
Nc4 Rab8 15. e5 Rbd8 16. Bd3 f5 17. exf6 gxf6 18. h4 e5 19. h5 Nf8 20. Nh4
Be6 21. Bf1 Nd7 22. Na3 f5 23. Nf3 Kb7 24. Bc4 Bxc4 25. Nxc4 e4 26. Ng5
Nde5 27. Nxe5 Nxe5 28. Ne6 Rdg8 29. Red1 Nd3 30. b3 Bd6 31. f3 Re8 32. fxe4
fxe4 33. Ng5 Bf4 34. Rxd3 Bxg5 35. Rd7+ Kc8 36. Bxg5 Kxd7 37. Bf4 Kc6 38.
Re1 Rhf8 39. g3 Rf5 40. h6 Rd5 41. Kf2 Rd3 42. Re3 c4 43. bxc4 Kc5 44. Bc7
Re7 45. Bd8 Rxd8 0-1

[Event "45th Capablanca Mem Open"]
[Site "Havana CUB"]
[Date "2010.06.11"]
[Round "2"]
[White "Fuentes Dominguez,F"]
[Black "Perez Garcia,Rodn"]
[Result "1/2-1/2"]
[WhiteElo "2253"]
[BlackElo "2424"]
[EventDate "2010.06.10"]

1. e4 e5 2. Nf3 Nc6 3. Bb5 Bc5 4. O-O Nge7 5. c3 Bb6 6. d4 exd4 7. cxd4 d5
8. exd5 Nxd5 9. Re1+ Be6 10. Ne5 Nde7 11. Be3 O-O 12. Nxc6 Nxc6 13. Bxc6
bxc6 14. Nc3 Qf6 15. Qa4 Bd5 16. Nxd5 cxd5 17. Rac1 Rae8 18. Red1 Re4 19.
Qc6 Qxc6 20. Rxc6 Rfe8 1/2-1/2

[Event "45th Capablanca Mem Open"]
[Site "Havana CUB"]
[Date "2010.06.11"]
[Round "2"]
[White "Fernandez Garcia,JoseL1"]
[Black "Delgado Ramos,H"]
[Result "0-1"]
[WhiteElo "2430"]
[BlackElo "2414"]
[EventDate "2010.06.10"]

1. e4 c5 2. Nf3 d6 3. d4 cxd4 4. Nxd4 Nf6 5. Nc3 g6 6. Bc4 Bg7 7. O-O O-O
8. Re1 Nc6 9. Nb3 a6 10. Bf1 b5 11. a4 b4 12. Nd5 Nd7 13. a5 Rb8 14. Ra2 e6
15. Ne3 Nf6 16. Nc4 d5 17. exd5 Nxd5 18. Ne3 Nce7 19. Nc5 Qd6 20. Nxd5 Nxd5
21. Be3 Rd8 22. Ne4 Qc7 23. Bg5 f6 24. Bd2 f5 25. Ng5 e5 26. Qc1 h6 27. Nh3
Kh7 28. c4 Nf6 29. Be3 Nd7 30. f4 e4 31. Rd1 Bb7 32. Ra1 Nc5 33. Rxd8 Rxd8
34. Qc2 b3 35. Qf2 Nd3 36. Qh4 Re8 37. Nf2 Nxb2 38. Rb1 Nxc4 39. Rxb3 Nxe3
40. Rxe3 Bd4 41. Rh3 Qg7 0-1